000 01512nam a2200469 a 4500
001 20821
003 VRT
005 20260204164111.0
008 090812s2009 xo a j 000 f slo d
020 _a9788080857769 (viaz.)
035 _a(VRT)vtls009528698
039 9 _a200911111204
_bmuro
_c200910061526
_dargo
_c200908121059
_dedita
040 _aPPPK
_bslo
_cUKB
_eAACR2
041 1 _aslo
_heng
044 _axo
_cSK
072 7 _a821.111
_xAnglická literatúra, anglicky písaná
_2konspekt
072 7 _a821-93
_xLiteratúra pre deti a mládež
_2konspekt
080 _a821.111-31
_22004
080 _a821-93
_22004
080 _a(0:82-31)
_22004
100 1 _aKessler, Liz
240 1 0 _aPhilippa Fisher‘s fairy godsister.
_lSlovensky
245 1 0 _aZázračná víla Filipy Fišerovej
_c[Liz Kessler] ; ilustrovala Katie May ; [z anglického originálu preložila Barbora Škovierová]
260 _a[Bratislava]
_bSlovart
_cc2009
300 _a254 s.
_bil.
653 _a821.111-31
653 _a(0:82-31)
655 7 _aanglické romány
_2UKBPH
655 7 _apublikácie pre mládež
_2UKBPH
700 1 _aŠkovierová, Barbora,
_d1977-
_4trl
700 1 _aMay, Katie
_4ill
910 _apppk
910 _asllk
910 _askpk
910 _abjkdg
910 _apokpoh
910 _aukb
942 _2ddc
_cKLDE
_n0
949 _61800422966
_aSL.D.73017
_bPV.7997-2009
949 _61800422967
_aSK.D.41442
_bPV.7998-2009
_s6707:20090812
999 _c20821
_d20821